00313nam a2200133Ia 45000030006000000080041000060400015000471000025000622450026000872500010001132600027001235460012001500050017001620STCL150530s9999 xx 000 0 und d aSTCLcSTCL aAllardyce Nicoll; Ed aShakespeare survey 17 aFirst bUniversity pressc1964 aEnglish20220125170952.0